000 01005nam a22002297a 4500
005 2010083008028.0
010 _aMAR-20204
020 _c200.00
_a9788172948047
035 _aMR-12862
037 _bDBAD / PUB
082 _a891.463
100 _aचोरगे, तानाजीराव
_917695
245 _aमॅडम सभापती /
_cतानाजीराव चोरगे
246 _aMadam Sabhapati
_bby Tanajirao chaurge
260 _aपुणे
_bदिलीपराज प्रकाशन
_c2010
270 _a251 क, शनिवार पेठ,
_bपुणे
_e400020
300 _a203पृ
_c21सेमी (अजिल्द)
650 _aमराठी कादंबरी
_917696
650 _aMarathi Fiction
_917697
942 _2ddc
_cMR
_h891.463
_mचोरगे
999 _c43229
_d43229